| 000 | 00457nam a2200181Ia 4500 | ||
|---|---|---|---|
| 005 | 20240717002244.0 | ||
| 008 | 240331s9999 xx 000 0 und d | ||
| 020 | _a8185425469 | ||
| 082 |
_a200 _bREL |
||
| 245 | 0 | _aReligion in South Asia | |
| 250 | _aSecond Revised & Enlarged Edition | ||
| 260 |
_aNew Delhi _bManohar Publishers _c1991 |
||
| 300 | _aviii, 272 p ., | ||
| 650 | _aReligions | ||
| 650 | _aSociety | ||
| 700 |
_aOddie, A.G _eedt |
||
| 942 | _cL | ||
| 999 |
_c773 _d773 |
||